000 00297nam a22001217a 4500
008 160520b xxu||||| |||| 00| 0 eng d
020 _a9780312607616
020 _a031260761X
041 _aeng
080 _a003.03
245 _aReading critically writing well:
_cRise B. Axelrod;
942 _2udc
_cBK
999 _c2296
_d2296